Central Library OPAC University of Rajshahi

The two Viet-Nams : (Record no. 27077)

MARC details
000 -LEADER
fixed length control field 00815nam a2200241 a 4500
001 - CONTROL NUMBER
control field 27077
003 - CONTROL NUMBER IDENTIFIER
rucl marc code (BD-RjUL)
005 - DATE AND TIME OF LATEST TRANSACTION
control field 20211209051117.0
008 - FIXED-LENGTH DATA ELEMENTS--GENERAL INFORMATION
fixed length control field 140324r19651963uk b 001 0 en1 d
035 ## - SYSTEM CONTROL NUMBER
System control number (BD-RjUL)27148
040 ## - CATALOGING SOURCE
Original cataloging agency MUM
Transcribing agency MUM
Modifying agency OCL
-- BD-RjUL
-- BD-RjUL
Language of cataloging eng
041 ## - LANGUAGE CODE
Language code of text/sound track or separate title eng
082 ## - DEWEY DECIMAL CLASSIFICATION NUMBER
Classification number 959.7
Author mark and year FAT 1965
090 ## - LOCALLY ASSIGNED LC-TYPE CALL NUMBER (OCLC); LOCAL CALL NUMBER (OCLC)
Classification number (OCLC) (R) ; Classification number, CALL (RLIN) (NR) DS557.A5
Local cutter number (OCLC) ; Book number/undivided call number, CALL (RLIN) F34 1984
100 1# - MAIN ENTRY--PERSONAL NAME
Personal name Fall, Bernard B.,
Dates associated with a name 1926-1967.
9 (RLIN) 83160
245 14 - TITLE STATEMENT
Title The two Viet-Nams :
Remainder of title a political and military analysis /
Statement of responsibility, etc. Bernard B. Fall
250 ## - EDITION STATEMENT
Edition statement 1st ed.
260 ## - PUBLICATION, DISTRIBUTION, ETC. (IMPRINT)
Place of publication, distribution, etc. London :
Name of publisher, distributor, etc. Pall Mall,
Date of publication, distribution, etc. 1963 [Rrinted 1965]
300 ## - PHYSICAL DESCRIPTION
Pagination xii, 498 p :
Illustrations ill., maps ;
Size 22 cm.
504 ## - BIBLIOGRAPHY, ETC. NOTE
Bibliography, etc Bibliographical references included in "Notes" (p. 449-478). Bibliography: p. 481-484 & Includes index: p.487-493.
651 #0 - SUBJECT ADDED ENTRY--GEOGRAPHIC NAME
Geographic name Vietnam
General subdivision History.
9 (RLIN) 83161
942 ## - ADDED ENTRY ELEMENTS (KOHA)
Source of classification or shelving scheme Dewey Decimal Classification
Koha item type Books
Holdings
Lost status Source of classification or shelving scheme Damaged status Not for loan Collection code Permanent Location Current Location Shelving location Date acquired Source of acquisition Cost, normal purchase price Total Checkouts Full call number Date last seen Copy number Koha item type
  Dewey Decimal Classification   Added to bundle Non-fiction Central Library, University of Rajshahi Central Library, University of Rajshahi Reading Room 05/09/1989 zeithinger 75.00   959.7 FAT 1965 24/03/2014 C-1 Books